000 00573nam a2200193Ia 4500
008 140626s9999 xx 000 0 und d
100 _aManalastas, Eric Julian.
245 3 _aAn exercise to teach the psychological benefits of solitude :
_bthe date with self /
_cEric Julian Manalastas.
260 _cc2011.
300 _a44 : 1, page 114
440 _aPhilippine Journal of Psychology
521 _aPSYCH
650 _aAlone time.
650 _aLoneliness.
650 _aPreference for solitude.
650 _aSolitude.
650 _aWell-being.
942 _cSE
999 _c121371
_d121371